| 000 | 00484nam a2200157Ia 4500 | ||
|---|---|---|---|
| 003 | GCL | ||
| 008 | 140319s9999 xx 000 0 ara d | ||
| 040 |
_aGCL / _cGCL |
||
| 082 | 0 | 4 |
_a229.8 _bع ز |
| 100 | 1 | _aعبدالله بن جارالله بن ابراهيم | |
| 245 | 1 | 0 |
_aزار المسلم اليومى / _cعبدالله بن جارالله بن ابراهيم |
| 260 |
_a[S.N] : _bمكتبة الزهراء |
||
| 490 | _a | ||
| 650 | 0 | 4 | _aالاسلام |
| 942 |
_2ddc _cBK |
||
| 999 |
_c58171 _d58171 |
||